Aphek-Antipatris : (Record no. 43903)
[ view plain ]
| 000 -LEADER | |
|---|---|
| fixed length control field | 01080cam a2200301 i 4500 |
| 001 - CONTROL NUMBER | |
| control field | 408418 |
| 005 - DATE AND TIME OF LATEST TRANSACTION | |
| control field | 20181002094432.0 |
| 008 - FIXED-LENGTH DATA ELEMENTS--GENERAL INFORMATION | |
| fixed length control field | 791116s1977 is af b 000 0 eng |
| 010 ## - LIBRARY OF CONGRESS CONTROL NUMBER | |
| LC control number | 79951928 |
| 040 ## - CATALOGING SOURCE | |
| Original cataloging agency | DLC |
| Transcribing agency | DLC |
| Modifying agency | DLC |
| 041 0# - LANGUAGE CODE | |
| Language code of text/sound track or separate title | engheb |
| 043 ## - GEOGRAPHIC AREA CODE | |
| Geographic area code | a-is--- |
| 100 1# - MAIN ENTRY--PERSONAL NAME | |
| Personal name | Kokhavi, Mosheh, |
| Dates associated with a name | 1928-2008. |
| 245 10 - TITLE STATEMENT | |
| Title | Aphek-Antipatris : |
| Remainder of title | five seasons of excavation at Tel Aphek-Antipatris, (1972-1976) / |
| Statement of responsibility, etc | by Moshe Kochavi ; [photography, M. Weinberg, A. Hay ; plans & drawings, Judith Dekel ; editing, Esther Yadin]. |
| 260 ## - PUBLICATION, DISTRIBUTION, ETC. (IMPRINT) | |
| Place of publication, distribution, etc | Tel-Aviv : |
| Name of publisher, distributor, etc | Tel-Aviv University, Institute of Archaeology, |
| Date of publication, distribution, etc | c1977. |
| 300 ## - PHYSICAL DESCRIPTION | |
| Extent | 16, 12 p., [9] leaves of plates : |
| Other physical details | ill. ; |
| Dimensions | 21 cm. |
| 336 ## - CONTENT TYPE | |
| Content Type Term | text |
| 337 ## - MEDIA TYPE | |
| Media Type Term | unmediated |
| 338 ## - CARRIER TYPE | |
| Carrier Type Term | volume |
| 500 ## - GENERAL NOTE | |
| General note | Added t.p.: Afeḳ-Anṭipaṭris. |
| 500 ## - GENERAL NOTE | |
| General note | English and Hebrew. |
| 504 ## - BIBLIOGRAPHY, ETC. NOTE | |
| Bibliography, etc | Bibliography: p. 16 (1st group) |
| 650 #0 - SUBJECT ADDED ENTRY--TOPICAL TERM | |
| Topical term or geographic name as entry element | Excavations (Archaeology) |
| Geographic subdivision | Israel |
| -- | Aphek (Extinct city) |
| 651 #0 - SUBJECT ADDED ENTRY--GEOGRAPHIC NAME | |
| Geographic name | Aphek (Extinct city) |
| 700 1# - ADDED ENTRY--PERSONAL NAME | |
| Personal name | Yadin, Esther. |
| 740 0# - ADDED ENTRY--UNCONTROLLED RELATED/ANALYTICAL TITLE | |
| Uncontrolled related/analytical title | Afeḳ-Anṭipaṭris. |
| 942 ## - ADDED ENTRY ELEMENTS (KOHA) | |
| Source of classification or shelving scheme | Library of Congress Classification |
| Item type | Books |
| Withdrawn status | Lost status | Source of classification or shelving scheme | Damaged status | Not for loan | Home library | Current library | Shelving location | Date acquired | Source of acquisition | Inventory number | Total Checkouts | Full call number | Barcode | Date last seen | Price effective from | Koha item type |
|---|---|---|---|---|---|---|---|---|---|---|---|---|---|---|---|---|
| Library of Congress Classification | BSOP Library | BSOP Library | David Weisberg Collection | 10/02/2018 | Donated by Dr. David and Oprah Weisberg | 43449 | DS110 K81 1977 | 00054449 | 10/02/2018 | 10/02/2018 | Books |
